| 000 | 00479nam a2200133Ia 4500 | ||
|---|---|---|---|
| 008 | 230503t2014||||xx |||||||||||||| ||spa|| | ||
| 110 | _aOficina de estudios y políticas agrarias | ||
| 245 | 0 | _aAcuerdos, Convenios y Memorándums de Cooperación – ODEPA | |
| 260 |
_aSantiago de Chile _bODEPA _c2014 |
||
| 260 | _c2014 | ||
| 300 | _a10 páginas | ||
| 500 | _a(CL-D-122) | ||
| 856 |
_uhttps://bibliotecadigital.odepa.gob.cl/handle/20.500.12650/2636 _yClick para acceder al recurso |
||
| 999 |
_c172223 _d172223 |
||